000 01194nam a2200217Ia 4500
003 Ost
005 20260416102358.0
008 260416s9999||||xx |||||||||||||| ||und||
040 _cfsecg
041 _aara
082 _a1.6404
100 _aشرايطية،مريم
_eمؤلف
245 0 _aمقياس الإعلام الآلى 2 :
_bالخوارزمات : مطبوعة علمية جامعية خاصة بطلبة السنة الثانية ليسانس /
_cمريم شرايطية
260 _aالجزائر
_bجامعة الجزائر3: كلية العلوم الإقتصادية، العلوم التجارية وعلوم التسيير
_c2022
300 _a100 ورقة
_bايضاحات
_c30 سم
504 _aمراجع ص.99
520 _aمفاهيم حول الاعلام الآلي و البرمجة و الخوارزميات ، أساسيات في الخوارزميات ، بنى التحكم الشرطية و بنى التحكم التكرارية .
653 _aالاعلام الآلي
710 _aجامعة الجزائر3: كلية العلوم الإقتصادية، العلوم التجارية وعلوم التسيير
_eناشر علمي
942 _cHANDOUT
999 _c41307
_d41307